000 00841nam a2200241 i 4500
001 bg
100 1 _aTARGOWSKI, Andrew.
245 1 0 _aStrategia i architektura systemów informatycznych przedsiębiorstwa w gospodarce rynkowej /
_cAndrew Targowski ; [tłum. z ang. Janina Bloch].
260 _aWarszawa :
_bNowe Wydaw. Polskie,
_c1992.
300 _a376, [1] s. :
_brys. ;
_c21 cm.
504 _aBibliogr. przy rozdz.
650 9 _aInformacja dla zarządzania
_xautomatyzacja
650 9 _aSystemy informacyjne
_xstosowanie
_xgospodarka
650 9 _aSystemy informatyczne
_xstosowanie
_xgospodarka
700 1 _aBLOCH, Janina.
_eTł.
020 _a8385135510
040 _cBPK
041 1 _apl
_hen
080 _a005:002.513.5:681.322](075.8)
920 _a83-85135-51-0
942 _cKS
008 s pl f |000 0 pol
999 _c24563
_d24563
856 _uhttp://koha.tu.koszalin.pl/cgi-bin/koha/opac-detail.pl?biblionumber=24563
_yKatalog online BPK